Chụp nhũ ảnh /

محفوظ في:
التفاصيل البيبلوغرافية
المؤلف الرئيسي: Nguyễn Chấn Hùng, GS.BS.
التنسيق: مقال
اللغة:Vietnamese
الموضوعات:
الوسوم: إضافة وسم
لا توجد وسوم, كن أول من يضع وسما على هذه التسجيلة!
Thư viện lưu trữ: Thư viện Trường Đại học Đà Lạt
LEADER 00725nam a2200265 4500
001 DLU100105721
005 ##20100406
040 # # |a DLU  |b vie 
041 # # |a vie 
044 # # |a vn 
100 # # |a Nguyễn Chấn Hùng,   |c GS.BS. 
245 # # |a Chụp nhũ ảnh /  |c Nguyễn Chấn Hùng. 
653 # # |a Khoa học công nghệ 
653 # # |a U bướu 
653 # # |a Ung thư 
773 # # |t Thuốc và sức khỏe  |g Số8(361), 2008, tr. 15 
920 # # |a Phòng Tạp chí -- Trung tâm Thông tin - Thư viện Trường Đại học Đà Lạt 
994 # # |a DLU 
900 # # |a True 
911 # # |a Nguyễn Thị Linh Chi 
925 # # |a G 
926 # # |a A 
927 # # |a BB 
980 # # |a Thư viện Trường Đại học Đà Lạt